Statistics for Wimbledon Champions

Click here to take the quiz!

General Stats

  • This quiz has been taken 281 times
    (205 since last reset)
  • The average score is 44 of 55

Answer Stats

YearPlayer% Correct
2014Novak Djokovic
99%
2015Novak Djokovic
99%
2022Novak Djokovic
99%
2021Novak Djokovic
99%
2019Novak Djokovic
99%
2018Novak Djokovic
99%
2011Novak Djokovic
99%
2004Roger Federer
99%
2003Roger Federer
99%
2007Roger Federer
99%
2009Roger Federer
99%
2012Roger Federer
99%
2006Roger Federer
99%
2005Roger Federer
99%
2017Roger Federer
99%
2008Rafael Nadal
96%
2010Rafael Nadal
96%
2016Andy Murray
91%
2013Andy Murray
91%
1977Björn Borg
86%
1976Björn Borg
86%
1980Björn Borg
86%
1979Björn Borg
86%
1978Björn Borg
86%
1995Pete Sampras
86%
2000Pete Sampras
86%
1999Pete Sampras
86%
1998Pete Sampras
86%
1994Pete Sampras
86%
1997Pete Sampras
86%
1993Pete Sampras
86%
1992Andre Agassi
84%
1983John McEnroe
84%
1984John McEnroe
84%
1981John McEnroe
84%
1989Boris Becker
75%
1986Boris Becker
75%
1985Boris Becker
75%
2023Carlos Alcaraz
72%
1974Jimmy Connors
68%
1982Jimmy Connors
68%
1988Stefan Edberg
64%
1990Stefan Edberg
64%
2002Lleyton Hewitt
60%
1969Rod Laver
60%
1968Rod Laver
60%
1975Arthur Ashe
58%
2001Goran Ivanišević
58%
1987Pat Cash
48%
1991Michael Stich
44%
1971John Newcombe
41%
1970John Newcombe
41%
1972Stan Smith
41%
1996Richard Krajicek
38%
1973Jan Kodeš
26%

Score Distribution

Percentile by Number Answered

Percent of People with Each Score

Your Score History

You have not taken this quiz since the last reset